000 00685nam a2200193Ia 4500
003 GCL
008 140319s9999 xx 000 0 ara d
040 _aGCL /
_cGCL
082 0 4 _a301,361
_bا خ
100 1 _aابراهيم عبدالهادى المليجى
245 1 0 _aالخدمة الاجتماعية من منظور تنظيم المجتمع: رؤية واقعية /
_cابراهيم عبدالهادى المليجى
260 _a[S.N] :
_bالمكتب الجامعى الحديث ،
_c1991
300 _a305 ص
490 _a
650 0 4 _aتنظيم المجتمع
650 0 4 _aخدمة الفرد
650 0 4 _aالخدمة الاجتماعية
942 _2ddc
_cBK
999 _c33011
_d33011